Molecular and cell biology of opportunistic infections in AIDS / (Record no. 5408)

000 -LEADER
fixed length control field 01338pam a2200373 a 4500
001 - CONTROL NUMBER
control field 1090166
003 - CONTROL NUMBER IDENTIFIER
control field OSt
005 - DATE AND TIME OF LATEST TRANSACTION
control field 20220413102858.0
008 - FIXED-LENGTH DATA ELEMENTS--GENERAL INFORMATION
fixed length control field 920924s1993 enka b 001 0 eng c
010 ## - LIBRARY OF CONGRESS CONTROL NUMBER
LC control number 92049585
020 ## - INTERNATIONAL STANDARD BOOK NUMBER
International Standard Book Number 0412453304 (acidfree paper)
040 ## - CATALOGING SOURCE
Original cataloging agency DNLM/DLC
Transcribing agency ALUIPE UNIVERSITY
Modifying agency DLC
050 00 - LIBRARY OF CONGRESS CALL NUMBER
Classification number RC607
Item number .M645 1993
060 ## - NATIONAL LIBRARY OF MEDICINE CALL NUMBER
Classification number WD 308 M718
082 00 - DEWEY DECIMAL CLASSIFICATION NUMBER
Classification number 616.97/92
Edition number 20
245 00 - TITLE STATEMENT
Title Molecular and cell biology of opportunistic infections in AIDS /
Statement of responsibility, etc. edited by Steven Myint and Alan Cann.
250 ## - EDITION STATEMENT
Edition statement 1st ed.
260 ## - PUBLICATION, DISTRIBUTION, ETC.
Place of publication, distribution, etc. London ;
-- New York :
Name of publisher, distributor, etc. Chapman & Hall,
Date of publication, distribution, etc. 1993.
300 ## - PHYSICAL DESCRIPTION
Extent xvi, 283 p. :
Other physical details ill. ;
Dimensions 25 cm.
440 #0 - SERIES STATEMENT/ADDED ENTRY--TITLE
Title Molecular and cell biology of human diseases series ;
Volume/sequential designation 2
504 ## - BIBLIOGRAPHY, ETC. NOTE
Bibliography, etc. note Includes bibliographical references and index.
650 #0 - SUBJECT ADDED ENTRY--TOPICAL TERM
Topical term or geographic name entry element AIDS (Disease)
General subdivision Complications.
650 #0 - SUBJECT ADDED ENTRY--TOPICAL TERM
Topical term or geographic name entry element Opportunistic infections
General subdivision Molecular aspects.
650 #0 - SUBJECT ADDED ENTRY--TOPICAL TERM
Topical term or geographic name entry element Opportunistic infections
General subdivision Cytopathology.
650 #2 - SUBJECT ADDED ENTRY--TOPICAL TERM
Topical term or geographic name entry element Acquired Immunodeficiency Syndrome
General subdivision complications.
650 #2 - SUBJECT ADDED ENTRY--TOPICAL TERM
Topical term or geographic name entry element Bacteria
General subdivision pathogenicity.
650 #2 - SUBJECT ADDED ENTRY--TOPICAL TERM
Topical term or geographic name entry element Bacterial Infections
General subdivision complications.
650 #2 - SUBJECT ADDED ENTRY--TOPICAL TERM
Topical term or geographic name entry element Opportunistic Infections
General subdivision complications.
700 1# - ADDED ENTRY--PERSONAL NAME
Personal name Myint, Steven.
700 1# - ADDED ENTRY--PERSONAL NAME
Personal name Cann, Alan.
906 ## - LOCAL DATA ELEMENT F, LDF (RLIN)
a 7
b cbc
c orignew
d 1
e ocip
f 19
g y-gencatlg
942 ## - ADDED ENTRY ELEMENTS (KOHA)
Source of classification or shelving scheme
Koha item type Book
Suppress in OPAC BA
Holdings
Withdrawn status Lost status Source of classification or shelving scheme Damaged status Not for loan Permanent Location Current Location Shelving location Date acquired Source of acquisition Total Checkouts Full call number Barcode Date last seen Price effective from Koha item type Public note
          AU LIBRARY AU LIBRARY Open Shelf 13.04.2022 DONATION FROM MOI UNIVERSITY   RC607 .M645 1993 28007626 13.04.2022 13.04.2022 Book BA

Powered by Koha